Tilastot visalle Sanat - ”Tytöt tykkää” - Tea Hiilloste

Klikkaa tästä pelataksesi tätä visaa!

Yleistilastot

  • Tätä visaa on pelattu 225 kertaa
  • Keskiarvotulos 248 / 336

Vastaustilastot

Sanat% Oikein
ty-
100%
Ja
98%
ja
98%
tykkää,
95%
tykkää
95%
Tytöt
95%
tytöt
95%
tytöt,
95%
(Ei
94%
ei)
94%
ei
94%
pojista
92%
pojat
91%
tytöistä
89%
et
87%
mut
87%
Mut
87%
86%
86%
84%
84%
kiinnosta
82%
Vaik'
82%
vaik'
82%
niit'
79%
muka
77%
välil'
76%
esittää
75%
sen
74%
tee
74%
saa
73%
koskee
71%
kaa
70%
kaa,
70%
koo
70%
oo
70%
tiedän
70%
vähän
70%
Yy,
70%
yy
70%
Yy
70%
yy,
70%
nee
68%
nee,
68%
mun
67%
Sun
66%
sun
66%
oot
63%
vaikutusta
63%
hullunkurinen
62%
hyvältä
62%
jätä
62%
tulinen
62%
elän
61%
rauhaan
61%
rauhaan...
61%
tumma
61%
en
60%
voi
60%
Älä
59%
Vaan
59%
vaan,
59%
viestii
59%
elämän,
57%
tai
57%
tavoittaa
57%
vastaajaan
57%
koita
56%
mitä
56%
nään
56%
läpi
55%
suklaasilmät
55%
takii
55%
takii,
55%
näytän
54%
'sanoo
54%
sanoo
54%
usko
54%
kuitenkaan
53%
voit
53%
voit'
53%
sanot
47%
olevas
46%
pyydän
46%
sitä
45%
atleettinen
43%
lihaksikas
43%
fiksu
38%
filmaattinen,
36%
kiinnostaa
36%
säpinää,
36%
vähempää
34%
Mää
32%
vientii
32%
älykkyytes
20%
musta
20%
sä tiedät
20%
varakkuutes
20%
ja pojat
19%
onnellista
17%
sullon
17%
(Eei)
16%
eei
16%

Tulosjakauma

Persentiili vastausten määrän mukaan

Jokaisen tuloksen saaneiden osuus

Tuloshistoriasi

Et ole pelannut tätä visaa